| 000 | 00651cas a2200217 4500 | ||
|---|---|---|---|
| 020 | _a8131790819 | ||
| 022 | _a978-8131790816 | ||
| 082 |
_a624.15136 _bPUR |
||
| 100 |
_aPurushothama Raj _951186 |
||
| 245 | 0 | 0 |
_aSoil mechanics and foundation engineering. _c P. Purushothama Raj |
| 250 | _a2nd ed. | ||
| 260 |
_aIndia, _bPearson Education India. _c2013 |
||
| 526 |
_a0 _b0 _c0 _d624_151360000000000_PUR |
||
| 650 | 0 |
_aFoundations _9892 |
|
| 650 | 0 | _aSoil mechanics | |
| 650 | 6 |
_aFondations (Construction) _951187 |
|
| 650 | 6 |
_aSols, Mécanique des _940938 |
|
| 650 | 7 |
_aFoundations. _9892 |
|
| 650 | 7 |
_aSoil mechanics. _951188 |
|
| 942 |
_2ddc _cBK |
||
| 999 |
_c553945 _d553945 |
||